00676cam a22002173a 450000100060000000300060000600500170001200800410002904000150007004200070008505000070009224501060009926000290020550600300023451600200026465300430028465300350032765300250036283000290038785600420041625983PGUSA20140828083547.0080706s2008||||xxu|||||s|||||000 | eng d aPGUSAbeng adc 4aQL10aBirds, Illustrated by Color Photography, Vol. 1, No. 5 :bMay, 1897h[electronic resource] /cVarious bProject Gutenberg,c2008 aPublic domain in the USA. aElectronic text aZoological illustration -- Periodicals aNatural history -- Periodicals aBirds -- Periodicals 0aProject Gutenbergv2598340uhttp://www.gutenberg.org/ebooks/25983